000 01658cam a22004454i 4500
003 PE-LiUPU
005 20250731173128.0
008 150623s1996 nyua r 000 0 eng d
020 _a0385476957
035 _a(Sirsi) i9780385476959
040 _aPE-LiUPU
_bspa
_cPE-LiUPU
_erda
049 _aPRUA
082 0 4 _a220.6
_bH54
_221
100 1 _aHill, Jim,
_eautor.
245 1 4 _aThe bible tells me so :
_buses and abuses of holy scripture /
_cJim Hill.
264 1 _aNew York, NY :
_bAnchor Books,
_c1996.
300 _a155 páginas :
_bilustraciones fotos, gráficos ;
_c20 centímetros
336 _atext
_2rdacontent
337 _aunmediated
_2rdamedia
338 _avolume
_2rdacarrier
505 0 _aPeople and their place in society -- The power of the church -- Behavior. Guilt, crime, and punischment -- The way things ought to be. Science, medicine, and the world -- Cristianismo y política Cristianismo y cultura.
526 _aSEG42
526 _aSEG41
526 _aSEG40
526 _aSEG39
526 _aP94
526 _aP87
526 _aP86
526 _aP85
526 _aP77
526 _aP76
526 _aP35
630 _aBiblia
_zEstados Unidos.
942 _2ddc
_cBOOK
949 _a220.6 H54
_wDEWEY
_c1
_i51461
_lCCODEBUL1
_mBUL
_p13.00
_r0
_sY
_tBOOK
_u2015-6-24
_xTEOLOGIA
_PP35
_0COMPRA
_o.STAFF. Colección Teología
994 _aC0
_bPEPRU
596 _a1
999 _a220.6 H54
_wDEWEY
_c33181
_i51461
_e2017-4-6
_f2021-11-9
_g5
_lCCODEBUL1
_mBUL
_n1
_p13.00
_r0
_sY
_tBOOK
_u2015-6-24
_xTEOLOGIA
_PP35
_0COMPRA
_o.STAFF. Colección Teología
_d33181
980 _81
_gALBERTO SANCHEZ Responsable de Automatización